000 00765nam a2200205Ii 4500
003 JO-AjNU
008 230605s9999||||xx |||||||||||||| ||und||
040 _aJO-AjNU
_bara
_erda
_cJO-AjNU
041 _aara
050 1 4 _aQA276.12.T85 2018
100 3 _aطعمه، حسن ياسين، م.مشارك ايمان حسين حنوش ,
_eauthor
_958101
245 0 0 _aالاحصاء الاستدلالي = INFERENTIAL STATISTICS
250 _aط2
264 3 1 _aعمان: دار صفاء للنشر والتوزيع، 2018
300 _a487ص
_bيحتوي على ملاحق
336 _atext
_btxt
_2rdacontent
337 _aunmediated
_bn
_2rdamedia
338 _avolume
_bnc
_2rdacarrier
650 4 _aالاحصاء - الاحصاء الاستدلالي
_958102
999 _aA26074
_c29642
_d29642